Microcontroladores PIC: diseño práctico de aplicaciones (Registro nro. 8039)
[ vista simple ]
| 000 -CABECERA | |
|---|---|
| campo de control de longitud fija | 00784nam a22002777a 4500 |
| 005 - FECHA Y HORA DE ACTUALIZACIÓN | |
| campo de control | 20190313191413.0 |
| 008 - LONGITUD FIJA | |
| campo de control de longitud fija | 160505b xxu|||m| |||| 00| 0 spa d |
| 041 ## - IDIOMA | |
| Código de idioma del texto/pista de sonido o título separado | |
| 082 ## - CLASIFICACIÓN DECIMAL DEWEY | |
| Número de clasificación | 621.381.5 A594m |
| 100 ## - AUTOR PERSONAL | |
| Nombre de persona | Ángulo Usategui, José María |
| 100 ## - AUTOR PERSONAL | |
| Nombre de persona | Ángulo Martínez, Ignacio |
| 245 ## - TÍTULO PROPIAMENTE DICHO | |
| Título | Microcontroladores PIC: diseño práctico de aplicaciones |
| 250 ## - EDICIÓN | |
| Mención de edición | 2 edición |
| 260 ## - PIE DE IMPRENTA | |
| Lugar de publicación, distribución, etc. | España |
| 260 ## - PIE DE IMPRENTA | |
| Nombre del editor, distribuidor, etc. | McGraw-Hill |
| 260 ## - PIE DE IMPRENTA | |
| Fecha de publicación, distribución, etc. | 2002 |
| 300 ## - DESCRIPCIÓN FÍSICA | |
| Extensión | 295 páginas |
| 505 ## - Nota de Contenido | |
| Nota de contenido | Contiene disco compacto N° 145 |
| 650 ## - Materia General | |
| Materia general | MICROCONTROLADORES |
| 650 ## - Materia General | |
| Materia general | PROGRAMADOR PIC |
| 650 ## - Materia General | |
| Materia general | PROCESADORES |
| 650 ## - Materia General | |
| Materia general | MEMORIA |
| 650 ## - Materia General | |
| Materia general | CIRCUITOS INTEGRADOS |
| 650 ## - Materia General | |
| Materia general | SIMUPIC 84 |
| 942 ## - Punto de Acceso Adicional Koha | |
| Tipo de ítem Koha | Libro |
| Estado perdido | Estado dañado | No para préstamo | Biblioteca permanente | Biblioteca actual | Signatura completa | Código de barras | Precio efectivo a partir del | Tipo de ítem | Estado retirado | Fuente de clasificación o esquema de estantería |
|---|---|---|---|---|---|---|---|---|---|---|
| Departamento de Biblioteca y Documentación Alfonso Chase Brenes | Departamento de Biblioteca y Documentación Alfonso Chase Brenes | 621.381.5 A594m | 8301 | 16/08/2018 | Libro | |||||
| Dañado | Departamento de Biblioteca y Documentación Alfonso Chase Brenes | Departamento de Biblioteca y Documentación Alfonso Chase Brenes | 621.381.5 A594m | 145DC | 13/03/2019 | Disco Compacto | Retirado | Dewey Decimal Classification |